| 000 | 01146nam a22003977b 4500 | ||
|---|---|---|---|
| 001 | 0966949 | ||
| 003 | DO-SdBPM | ||
| 005 | 20250711104300.0 | ||
| 007 | ta | ||
| 008 | 980818s1999 sp | spa | ||
| 017 |
_a _b |
||
| 020 | _a8420784591 | ||
| 035 | _a | ||
| 040 |
_aDO-SdBPM _bspa _cBPMSU _e rda |
||
| 041 | 1 |
_aspa _h |
|
| 080 | 0 | _a | |
| 082 | 4 |
_a863.6 _bD636p 1999 _222 |
|
| 100 | 1 |
_aDocampo, Xabier P., _d1946- _eautor |
|
| 240 | 1 | 2 |
_aO pazo baleiro _lespañol |
| 245 | 1 | 3 |
_aEl pazo vacío / _cXabier P. Docampo ; ilustraciones de Xosé Cobas ; traducción de Xavier Xenín _h |
| 250 | _a 3a ed. | ||
| 264 |
_aMadrid : _bAnaya, _c1999. |
||
| 300 |
_a160 págians : _c20 cm |
||
| 336 |
_atexto _btxt _2rdacontent |
||
| 337 |
_asin mediación _bnc _2rdamedia |
||
| 338 |
_avolumen _bnc _2rdacarrier |
||
| 490 | 0 |
_aSopa de libros, _v16 |
|
| 590 | _aInventariado, 2025/VM | ||
| 600 | _d | ||
| 650 | 7 | _aNovela juvenil española | |
| 650 | 7 |
_aMisterio _vNovela |
|
| 700 | 1 |
_aCobas, Xosé, _eilustraciones |
|
| 700 | 1 |
_aXenín, Xavier _etraducción |
|
| 910 | _aVMateo V. Control de calidad. BPMSU | ||
| 942 |
_2ddc _cBK |
||
| 999 |
_c9851 _d9851 |
||